000 00662nam a2200217Ia 4500
003 IN-BaIIA
008 211028s9999 xx 000 0 eng d
020 _a0-8243-0926-X
040 _cIIA Library
080 _a047.1:52
_bARA-26
100 _aBurbidge, G. R.
_915948
245 0 _aAnnual review of astronomy and astrophysics
_bvol. 26
_c G. R. Burbidge
260 _aPal Alto
_bAnnual Reviews
_c1988
300 _avi, 703p.
650 _aAstronomy
_980
650 _aAstronomy and Astrophysics Thesaurus
650 _aAstrophysics
_9794
700 _aLayzer, D.
700 _aPhillips, J. G.
_99868
942 _cBK
999 _c9470
_d9470